<?xml version="1.0" encoding="UTF-8"?><?xml-stylesheet type="text/xsl" href="static/style.xsl"?><OAI-PMH xmlns="http://www.openarchives.org/OAI/2.0/" xmlns:xsi="http://www.w3.org/2001/XMLSchema-instance" xsi:schemaLocation="http://www.openarchives.org/OAI/2.0/ http://www.openarchives.org/OAI/2.0/OAI-PMH.xsd"><responseDate>2026-04-13T12:34:44Z</responseDate><request verb="GetRecord" identifier="oai:www.recercat.cat:10459.1/70930" metadataPrefix="marc">https://recercat.cat/oai/request</request><GetRecord><record><header><identifier>oai:recercat.cat:10459.1/70930</identifier><datestamp>2024-12-05T21:26:38Z</datestamp><setSpec>com_2072_3622</setSpec><setSpec>col_2072_479130</setSpec></header><metadata><record xmlns="http://www.loc.gov/MARC21/slim" xmlns:dcterms="http://purl.org/dc/terms/" xmlns:xsi="http://www.w3.org/2001/XMLSchema-instance" xmlns:doc="http://www.lyncode.com/xoai" xsi:schemaLocation="http://www.loc.gov/MARC21/slim http://www.loc.gov/standards/marcxml/schema/MARC21slim.xsd">
   <leader>00925njm 22002777a 4500</leader>
   <datafield ind2=" " ind1=" " tag="042">
      <subfield code="a">dc</subfield>
   </datafield>
   <datafield ind2=" " ind1=" " tag="720">
      <subfield code="a">Mota Martorell, Natàlia</subfield>
      <subfield code="e">author</subfield>
   </datafield>
   <datafield ind2=" " ind1=" " tag="720">
      <subfield code="a">Pradas Barriga, Irene</subfield>
      <subfield code="e">author</subfield>
   </datafield>
   <datafield ind2=" " ind1=" " tag="720">
      <subfield code="a">Jové Font, Mariona</subfield>
      <subfield code="e">author</subfield>
   </datafield>
   <datafield ind2=" " ind1=" " tag="720">
      <subfield code="a">Naudí i Farré, Alba</subfield>
      <subfield code="e">author</subfield>
   </datafield>
   <datafield ind2=" " ind1=" " tag="720">
      <subfield code="a">Pamplona Gras, Reinald</subfield>
      <subfield code="e">author</subfield>
   </datafield>
   <datafield ind2=" " ind1=" " tag="260">
      <subfield code="c">2021-04-07T07:17:52Z</subfield>
   </datafield>
   <datafield ind2=" " ind1=" " tag="260">
      <subfield code="c">2021-04-07T07:17:52Z</subfield>
   </datafield>
   <datafield ind2=" " ind1=" " tag="260">
      <subfield code="c">2019-03-30</subfield>
   </datafield>
   <datafield ind2=" " ind1=" " tag="260">
      <subfield code="c">2021-04-07T07:17:52Z</subfield>
   </datafield>
   <datafield ind2=" " ind1=" " tag="520">
      <subfield code="a">Introducción. Entre los principales componentes lipídicos de las membranas celulares se encuentran los glicerofosfolípidos (GFL), que se sintetizan en una vía de novo a partir del diacilglicerol (DAG). El perfil lipídico es una característica optimizada asociada con la longevidad animal. En este contexto, hipotetizamos que la tasa de biosíntesis de DAGs y, por extensión, de GFL, guarda una relación con la longevidad de una especie animal.&#xd;
Material y métodos. Se realiza un análisis lipidómico basado en espectrometría de&#xd;
masas del plasma de 11 especies de mamíferos que cubren un rango de longevidad&#xd;
máxima de 3,5 a 120 años. La identificación de especies lipídicas se basa en masa&#xd;
exacta, tiempo de retención y distribución isotópica. Se aplica un test ANOVA para&#xd;
obtener las especies lipídicas diferenciales entre las especies y la correlación de Spearman para establecer su asociación con la longevidad. Los análisis estadísticos se realizaron con el programa SPSS y el software para el análisis metabolómico&#xd;
Metaboanalyst. Resultados. Entre las 1061 especies moleculares lipídicas diferenciales se&#xd;
identifican 47 DAGs, 14 de los cuales presentan una correlación significativa y negativa con la longevidad animal. El análisis multivariante muestra que solamente con estos 14 DAGs somos capaces de discriminar una especie animal y su longevidad máxima. Conclusiones. Éstos resultados sugieren que las especies longevas tienen una menor tasa de biosíntesis de novo de GFL, posiblemente asociada a una menor tasa&#xd;
de recambio de los lípidos de membrana, lo que conllevaría un menor coste energético.</subfield>
   </datafield>
   <datafield ind2=" " ind1=" " tag="520">
      <subfield code="a">El trabajo ha sido financiado, en parte, por una ayuda del Ministerio Español de Economía y Competitividad (ref. FIS-PI1400328), y por la Generalitat de Catalunya &#xd;
(2017SGR696 y SLT002/00250) a R. Pamplona. El estudio ha sido cofinanciado por los Fondos de la Unión Europea (“Una manera de hacer Europa”).</subfield>
   </datafield>
   <datafield ind1="8" ind2=" " tag="024">
      <subfield code="a">http://hdl.handle.net/10459.1/70930</subfield>
   </datafield>
   <datafield tag="653" ind2=" " ind1=" ">
      <subfield code="a">Diacilglicéridos</subfield>
   </datafield>
   <datafield tag="653" ind2=" " ind1=" ">
      <subfield code="a">Espectrometría de masas</subfield>
   </datafield>
   <datafield tag="653" ind2=" " ind1=" ">
      <subfield code="a">Lipidómica</subfield>
   </datafield>
   <datafield tag="653" ind2=" " ind1=" ">
      <subfield code="a">Longevidad máxima</subfield>
   </datafield>
   <datafield ind2="0" ind1="0" tag="245">
      <subfield code="a">Biosynthesis de novo of glycerophospholipids and longevity</subfield>
   </datafield>
   <datafield ind2="0" ind1="0" tag="245">
      <subfield code="a">De novo biosynthesis of glycerophospholipids and longevity</subfield>
   </datafield>
   <datafield ind2="0" ind1="0" tag="245">
      <subfield code="a">Biosíntesis de novo de glicerofosfolípidos y longevidad</subfield>
   </datafield>
</record></metadata></record></GetRecord></OAI-PMH>